[Event "I Festival Steinitz A"]
[Site "Roma ITA"]
[Date "2002.07.05"]
[Round "1"]
[White "Martines, Rosario"]
[Black "D'Amico, Francesco"]
[Result "0-1"]
[WhiteElo "1266"]
[BlackElo "1600"]
[PlyCount "82"]
[EventDate "2002.07.05"]

1. e4 e6 2. Nc3 d5 3. e5 c5 4. Nf3 Nc6 5. Bb5 Bd7 6. O-O Nge7 7. Bxc6 Nxc6 8.
d3 Be7 9. Re1 O-O 10. a3 f6 11. Bd2 fxe5 12. Nxe5 Nxe5 13. Rxe5 Bf6 14. Rh5 Be8
15. Rh3 Bg6 16. Qe2 Qd7 17. Re1 Rac8 18. a4 e5 19. Qe3 e4 20. dxe4 dxe4 21. Qe2
Bf5 22. Rg3 Bh4 23. Re3 Kh8 24. g3 Bg4 25. f3 Rxf3 26. Qb5 Rxe3 27. Bxe3 Bf6
28. Rd1 Qxb5 29. Nxb5 Bxd1 30. Nd6 Rc7 31. Nb5 Bd4 32. Nxc7 Bxe3+ 33. Kg2 Bxc2
34. Nd5 Bd4 35. Nc3 Bxc3 36. bxc3 b6 37. Kf2 Bxa4 38. Ke3 Bc6 39. c4 a5 40. Kd2
a4 41. Kc3 a3 0-1

[Event "I Festival Steinitz A"]
[Site "Roma ITA"]
[Date "2002.07.05"]
[Round "1"]
[White "Marzano, Carlo"]
[Black "Romagnoli, Moreno"]
[Result "1-0"]
[WhiteElo "2258"]
[BlackElo "1582"]
[PlyCount "73"]
[EventDate "2002.07.05"]

1. d4 c5 2. dxc5 e6 3. Nc3 Bxc5 4. Ne4 Nf6 5. Nxc5 Qa5+ 6. Qd2 Qxc5 7. Qg5 Qxg5
8. Bxg5 Nc6 9. O-O-O h6 10. Bf4 d5 11. Nf3 g5 12. Bg3 Ne4 13. Nd4 a6 14. e3 e5
15. Nb3 Be6 16. f3 Nxg3 17. hxg3 O-O-O 18. Nc5 Bf5 19. g4 Bg6 20. Bd3 Bxd3 21.
Rxd3 Nb4 22. Rb3 b6 23. Rxb4 bxc5 24. Rb6 a5 25. Rbxh6 Rxh6 26. Rxh6 d4 27.
Rc6+ Kb7 28. Rxc5 dxe3 29. Rxe5 Rd2 30. Rxe3 Rxg2 31. Re7+ Kb6 32. Rxf7 Rf2 33.
b3 a4 34. Kb2 a3+ 35. Kxa3 Rxc2 36. Rf6+ Kc7 37. b4 1-0

[Event "I Festival Steinitz A"]
[Site "Roma ITA"]
[Date "2002.07.05"]
[Round "1"]
[White "Mrdja, Milan"]
[Black "Gorini, Tommaso"]
[Result "1-0"]
[WhiteElo "2370"]
[BlackElo "1600"]
[PlyCount "95"]
[EventDate "2002.07.05"]

1. e4 Nf6 2. e5 Nd5 3. d4 d6 4. Nf3 g6 5. Bc4 Nb6 6. Bb3 Bg7 7. Ng5 d5 8. f4
Nc6 9. c3 Bf5 10. O-O O-O 11. g4 Bc8 12. e6 Bxe6 13. Nxe6 fxe6 14. Nd2 Na5 15.
Nf3 Qd6 16. Qe2 Bh6 17. Ne5 c5 18. dxc5 Qxc5+ 19. Be3 Qd6 20. Rae1 Nxb3 21.
axb3 Nd7 22. Nxd7 Qxd7 23. Bd2 Rf7 24. g5 Bg7 25. Qxe6 Qxe6 26. Rxe6 Rc8 27.
Rfe1 d4 28. c4 Rc7 29. Kf2 Rd7 30. b4 d3 31. b3 b6 32. Kf3 Kf8 33. h4 Bd4 34.
Rd1 Rf5 35. Be1 Bb2 36. Bd2 Bd4 37. h5 Kf7 38. Rde1 Bb2 39. Kg4 Bd4 40. R6e4
Bb2 41. Rh1 Bd4 42. hxg6+ hxg6 43. Rh7+ Kf8 44. Re6 Rd6 45. Rexe7 Bc3 46. Rxa7
Kg8 47. Bxc3 d2 48. Rh8# 1-0

[Event "I Festival Steinitz A"]
[Site "Roma ITA"]
[Date "2002.07.05"]
[Round "1"]
[White "Offidani, Marco"]
[Black "Gagliardi, Gaetano"]
[Result "0-1"]
[WhiteElo "1500"]
[BlackElo "1767"]
[PlyCount "82"]
[EventDate "2002.07.05"]

1. d4 Nf6 2. Nf3 g6 3. c4 c5 4. d5 b5 5. cxb5 a6 6. bxa6 Bxa6 7. Nc3 Bg7 8. e4
Bxf1 9. Kxf1 d6 10. g3 Nbd7 11. Kg2 O-O 12. Re1 Qa5 13. Bf4 Rfb8 14. Qc2 Ng4
15. Re2 Nge5 16. Nd2 Qa6 17. Rb1 Nd3 18. Nb3 c4 19. Nd2 N7c5 20. Nf3 Nxf4+ 21.
gxf4 Nd3 22. Kg3 Qb6 23. e5 Bh6 24. Ng5 dxe5 25. h4 exf4+ 26. Kg2 Qf6 27. Nce4
Qf5 28. f3 Qxd5 29. b3 cxb3 30. axb3 Rd8 31. Rd1 Rac8 32. Qb1 Rb8 33. Red2 Rxb3
34. Qc2 Bxg5 35. hxg5 Kg7 36. Nf2 Ne1+ 37. Rxe1 Qxd2 38. Qxb3 Qxe1 39. Qb2+ Kg8
40. Ne4 Qe3 41. Qb4 Qe2+ 0-1

[Event "I Festival Steinitz A"]
[Site "Roma ITA"]
[Date "2002.07.05"]
[Round "1"]
[White "Passerotti, Pierluigi"]
[Black "Lattanzi, Domenico"]
[Result "1/2-1/2"]
[WhiteElo "2284"]
[BlackElo "1591"]
[PlyCount "45"]
[EventDate "2002.07.05"]

1. e4 c5 2. Nc3 Nc6 3. Nge2 g6 4. d4 cxd4 5. Nxd4 Bg7 6. Be3 d6 7. Qd2 Nf6 8.
O-O-O Ng4 9. Nxc6 bxc6 10. Bd4 Bh6 11. Be3 Nxe3 12. fxe3 Qb6 13. Re1 Rb8 14.
Nd1 Bg7 15. c3 Be6 16. a3 O-O 17. Bd3 Rb7 18. Rhf1 Rfb8 19. Rf2 Qb3 20. Qc2 Qa2
21. Qb1 Qb3 22. Qc2 Qa2 23. Qb1 1/2-1/2

[Event "I Festival Steinitz A"]
[Site "Roma ITA"]
[Date "2002.07.05"]
[Round "1"]
[White "Quaglia, Ferdinando"]
[Black "Pagano, Sergio M."]
[Result "0-1"]
[WhiteElo "1580"]
[BlackElo "2222"]
[PlyCount "72"]
[EventDate "2002.07.05"]

1. d4 d6 2. c4 g6 3. Nf3 Bg7 4. Nc3 Nf6 5. Bg5 h6 6. Bxf6 Bxf6 7. e3 O-O 8. Bd3
c5 9. Qc2 Nc6 10. Nd5 Bg7 11. dxc5 dxc5 12. a3 Qa5+ 13. Ke2 Bg4 14. h3 Bxf3+
15. gxf3 e6 16. Nf4 Qc7 17. Rag1 Qxf4 18. exf4 Nd4+ 19. Kd2 Nxc2 20. Kxc2 Rad8
21. Rg2 Rd4 22. Rd1 Rfd8 23. Be2 Rxd1 24. Bxd1 Bxb2 25. a4 Bc3 26. Be2 Rd2+ 27.
Kb3 Bd4 28. Bf1 Rb2+ 29. Ka3 Rc2 30. h4 h5 31. Kb3 Rc3+ 32. Ka2 Rxf3 33. Be2
Rxf2 34. Rxf2 Bxf2 35. a5 Bxh4 36. Bf3 Bd8 0-1

[Event "I Festival Steinitz A"]
[Site "Roma ITA"]
[Date "2002.07.05"]
[Round "1"]
[White "Quimi, Marco"]
[Black "Cannada Bartoli, Vincenzo"]
[Result "0-1"]
[WhiteElo "2205"]
[BlackElo "1572"]
[PlyCount "85"]
[EventDate "2002.07.05"]

1. e4 Nf6 2. e5 Nd5 3. Nc3 Nxc3 4. bxc3 d6 5. f4 dxe5 6. fxe5 Bf5 7. Nf3 e6 8.
Bb5+ c6 9. Be2 Be7 10. O-O O-O 11. Rb1 Qc7 12. d4 Nd7 13. Bd3 Bxd3 14. Qxd3 Nb6
15. Bg5 Rad8 16. Qe4 Nd5 17. Rb3 b5 18. Qh4 Bxg5 19. Nxg5 h6 20. Ne4 Ne7 21. g4
Ng6 22. Qg3 Qe7 23. g5 Kh7 24. gxh6 gxh6 25. Nf6+ Kh8 26. Qe3 Kg7 27. Rf3 Rh8
28. Rb1 Nh4 29. Rg3+ Kf8 30. Rg8+ Rxg8+ 31. Qg3 Rxg3+ 32. hxg3 Ng6 33. Kg2 c5
34. Rxb5 cxd4 35. c4 Nxe5 36. Ne4 Nxc4 37. Rb3 Ne3+ 38. Kh3 f5 39. Nf2 Qg5 40.
Kh2 f4 41. Ne4 Qh5+ 42. Kg1 Qd1+ 43. Kh2 0-1

[Event "I Festival Steinitz A"]
[Site "Roma ITA"]
[Date "2002.07.05"]
[Round "1"]
[White "Raccah, Ascer"]
[Black "Della Corte, Alessandro"]
[Result "0-1"]
[WhiteElo "1504"]
[BlackElo "1915"]
[PlyCount "64"]
[EventDate "2002.07.05"]

1. e4 c5 2. Nf3 Nc6 3. d4 cxd4 4. Nxd4 e5 5. Nxc6 bxc6 6. Bc4 Ba6 7. Qe2 Bxc4
8. Qxc4 Nf6 9. Bg5 Be7 10. Bxf6 Bxf6 11. O-O O-O 12. Nc3 Rb8 13. Rab1 Qa5 14.
b4 Qb6 15. Na4 Qb5 16. Qxb5 cxb5 17. Nc5 Rfd8 18. Rfd1 d6 19. Nd3 Rbc8 20. Ne1
Rc4 21. f3 Rd7 22. Rd3 Bd8 23. Rbb3 Bb6+ 24. Kf1 Kf8 25. Ke2 Ke7 26. Rdc3 Rxc3
27. Rxc3 d5 28. exd5 Rxd5 29. Nd3 Kd7 30. f4 Bd4 31. Nxe5+ Rxe5+ 32. fxe5 Bxc3
0-1

[Event "I Festival Steinitz A"]
[Site "Roma ITA"]
[Date "2002.07.05"]
[Round "1"]
[White "Riondino, Michele"]
[Black "Voiska, Margarita"]
[Result "0-1"]
[WhiteElo "1874"]
[BlackElo "2356"]
[PlyCount "96"]
[EventDate "2002.07.05"]

1. e4 d5 2. exd5 Nf6 3. d4 Bg4 4. Be2 Bxe2 5. Qxe2 Qxd5 6. Nf3 Nc6 7. c3 O-O-O
8. O-O h6 9. Nbd2 g5 10. Qc4 g4 11. Qxd5 Nxd5 12. Nh4 Nf4 13. Nc4 Ne2+ 14. Kh1
Nxc1 15. Raxc1 e6 16. g3 Be7 17. Ng2 h5 18. Rfe1 h4 19. Ne5 Nxe5 20. Rxe5 Rh6
21. Nxh4 Bxh4 22. gxh4 Rxh4 23. Kg2 Rdh8 24. Rh1 Kd7 25. Kg3 Rh3+ 26. Kg2 f6
27. Re3 f5 28. Rg3 Ke7 29. Rxh3 Rxh3 30. Re1 Rd3 31. Re2 b5 32. Rc2 Kd6 33. b3
a5 34. a4 c6 35. axb5 cxb5 36. c4 Rxb3 37. c5+ Kc6 38. Re2 Kd7 39. c6+ Kxc6 40.
Rxe6+ Kd7 41. Re5 a4 42. Rxf5 a3 43. Rf7+ Ke6 44. Ra7 b4 45. Ra5 Rb2 46. Kg3 a2
47. d5+ Kd6 48. f4 gxf3 0-1

[Event "I Festival Steinitz A"]
[Site "Roma ITA"]
[Date "2002.07.05"]
[Round "1"]
[White "Romano, Ugo"]
[Black "Spano' Cuomo, Gaetano"]
[Result "0-1"]
[WhiteElo "1476"]
[BlackElo "1746"]
[PlyCount "78"]
[EventDate "2002.07.05"]

1. g3 Nf6 2. Bg2 d5 3. Nf3 c5 4. O-O Bf5 5. d3 Nc6 6. Nbd2 e6 7. Re1 Be7 8. e4
dxe4 9. dxe4 Nxe4 10. c3 O-O 11. Nh4 Nxf2 12. Kxf2 Bxh4 13. gxh4 Qxh4+ 14. Kg1
Rad8 15. Qe2 Rd6 16. Nf3 Qe7 17. Bg5 f6 18. Be3 Bd3 19. Qf2 b6 20. Rad1 e5 21.
Kh1 Nd8 22. Rg1 Ne6 23. Bf1 Rfd8 24. Bxd3 Rxd3 25. Rxd3 Rxd3 26. Nh4 g6 27.
Nxg6 Qb7+ 28. Qg2 Qxg2+ 29. Rxg2 Rd1+ 30. Bg1 hxg6 31. Rxg6+ Kf7 32. Rg2 Nf4
33. Rg3 Ne2 34. Rg2 Rxg1+ 35. Rxg1 Nxg1 36. Kxg1 e4 37. Kf2 f5 38. Ke3 Kg6 39.
h3 Kh5 0-1

[Event "I Festival Steinitz A"]
[Site "Roma ITA"]
[Date "2002.07.05"]
[Round "1"]
[White "Rossi, Aldo A."]
[Black "Benocci, Umiliano"]
[Result "1-0"]
[WhiteElo "1713"]
[BlackElo "1492"]
[PlyCount "95"]
[EventDate "2002.07.05"]

1. d4 e6 2. e3 d5 3. Bd3 c5 4. c3 Nf6 5. f4 cxd4 6. exd4 Be7 7. Nf3 Nbd7 8.
Nbd2 a6 9. O-O b6 10. Ne5 Bb7 11. Qe2 b5 12. Ndf3 Nb6 13. Ng5 O-O 14. Rf3 h6
15. Rh3 Nc4 16. Ng4 Nxg4 17. Qxg4 f5 18. Qh5 Rf6 19. Nf3 Bc6 20. Ne5 Be8 21.
Qe2 Nxe5 22. Qxe5 Rg6 23. Be2 Bd6 24. Qe3 Rf6 25. Bd2 Bg6 26. Rf1 Qc7 27. Be1
Re8 28. Bh4 Rf7 29. Rg3 Bh7 30. Bh5 g6 31. Bxg6 Bxg6 32. Rxg6+ Kh7 33. Rxe6
Rxe6 34. Qxe6 Kg7 35. Qe3 Qa5 36. a3 Qa4 37. h3 a5 38. Rf3 b4 39. Rg3+ Kf8 40.
Rg6 Qd1+ 41. Kh2 bxa3 42. Rxd6 a2 43. Rd8+ Kg7 44. Qg3+ Qg4 45. hxg4 Kh7 46.
gxf5 Rg7 47. Rh8+ Kxh8 48. Bf6 1-0

[Event "I Festival Steinitz A"]
[Site "Roma ITA"]
[Date "2002.07.05"]
[Round "1"]
[White "Sacchini, Marco"]
[Black "Bonafede, Alvise"]
[Result "1-0"]
[WhiteElo "2047"]
[BlackElo "1518"]
[PlyCount "135"]
[EventDate "2002.07.05"]

1. d4 d5 2. c4 e6 3. Nc3 Nf6 4. Bg5 Nbd7 5. e3 Be7 6. Nf3 O-O 7. Bd3 b6 8. cxd5
exd5 9. O-O c5 10. Rc1 Bb7 11. Bf4 c4 12. Bb1 a6 13. Ne5 b5 14. a3 Re8 15. Bg3
Nf8 16. Kh1 Bd6 17. f4 Ne4 18. Bxe4 dxe4 19. Qe1 f6 20. Ng4 Bc8 21. Nf2 f5 22.
Nh3 Ne6 23. Bh4 Be7 24. Bxe7 Rxe7 25. Rd1 h6 26. Qh4 Raa7 27. Qh5 Qf8 28. Nf2
Qf7 29. Qh4 g5 30. fxg5 hxg5 31. Qg3 Qg6 32. Nh3 Rh7 33. Rf2 Raf7 34. Rdf1 Bd7
35. d5 Nc5 36. Qxg5 Rhg7 37. Qxg6 Rxg6 38. Nf4 Rg4 39. Ne6 Nxe6 40. dxe6 Bxe6
41. Ne2 Bd7 42. Nd4 Rg5 43. g3 a5 44. Kg2 Rh5 45. Rf4 Rfh7 46. h4 Rf7 47. R1f2
Kf8 48. Kf1 Ke7 49. g4 Rxh4 50. gxf5 Rxf4 51. Rxf4 b4 52. axb4 axb4 53. Rxe4+
Kf6 54. Rf4 c3 55. bxc3 bxc3 56. Ke2 Kg5 57. Nf3+ Kf6 58. Kd3 Rh7 59. e4 Bc6
60. e5+ Ke7 61. f6+ Kf8 62. Rh4 Rd7+ 63. Nd4 Bb5+ 64. Kc2 Bc4 65. Kxc3 Kg8 66.
e6 Rd6 67. f7+ Kg7 68. Nf5+ 1-0

[Event "I Festival Steinitz A"]
[Site "Roma ITA"]
[Date "2002.07.05"]
[Round "1"]
[White "Scacco, Mauro"]
[Black "Cardinali, Egidio"]
[Result "1-0"]
[WhiteElo "2070"]
[BlackElo "1546"]
[PlyCount "58"]
[EventDate "2002.07.05"]

1. e4 Nf6 2. e5 Nd5 3. d4 d6 4. Nf3 Bg4 5. Be2 e6 6. O-O Nc6 7. c4 Nb6 8. b3
dxe5 9. d5 exd5 10. Nxe5 Nxe5 11. Bxg4 Qf6 12. Qe2 h5 13. Bh3 Be7 14. Bb2 d4
15. Bxd4 Nf3+ 16. Qxf3 Qxd4 17. Nc3 O-O 18. Nb5 Qc5 19. Qxb7 c6 20. Nc7 Rab8
21. Qxa7 Bd6 22. Na6 Qa3 23. Rad1 Be5 24. Qxb8 Rxb8 25. Nxb8 Qxa2 26. Rd3 Qc2
27. Bf5 Bd4 28. Nxc6 g6 29. Nxd4 Qb2 1-0

[Event "I Festival Steinitz A"]
[Site "Roma ITA"]
[Date "2002.07.05"]
[Round "1"]
[White "Simeoni, Matteo"]
[Black "De Angelis, Massimo"]
[Result "1-0"]
[WhiteElo "2048"]
[BlackElo "1534"]
[PlyCount "111"]
[EventDate "2002.07.05"]

1. e4 e6 2. d4 d5 3. Nc3 dxe4 4. Nxe4 Nd7 5. Nf3 Ngf6 6. Nxf6+ Nxf6 7. Bd3 Be7
8. O-O O-O 9. Ne5 c5 10. dxc5 Bxc5 11. Bg5 Be7 12. Qf3 h6 13. Bxf6 Bxf6 14. Qe4
g6 15. Rad1 Bxe5 16. Qxe5 Qg5 17. Qc7 Qd8 18. Qc3 Qe7 19. Be4 Rb8 20. Qe3 b6
21. Qxh6 Ba6 22. Rfe1 Rfd8 23. h4 Rxd1 24. Rxd1 Be2 25. Re1 Bh5 26. Qf4 e5 27.
Bd5 Re8 28. Qe4 Kg7 29. g4 f5 30. gxf5 gxf5 31. Qxf5 Bg6 32. Qg4 Kh6 33. Re3
Bh5 34. Qg5+ Qxg5+ 35. hxg5+ Kxg5 36. Kg2 Re7 37. Kg3 Bg6 38. Be4 Bxe4 39. Rxe4
Kf5 40. Kf3 Rc7 41. c3 Rd7 42. Ke3 Rd1 43. Ra4 Rd7 44. f4 exf4+ 45. Rxf4+ Ke6
46. Re4+ Kd5 47. Rd4+ Kc6 48. Rxd7 Kxd7 49. Kd4 Kd6 50. c4 a6 51. b4 Kc6 52. a4
a5 53. bxa5 bxa5 54. c5 Kc7 55. Kd5 Kd7 56. c6+ 1-0

[Event "I Festival Steinitz A"]
[Site "Roma ITA"]
[Date "2002.07.05"]
[Round "1"]
[White "Sindoni, Antonio"]
[Black "Gallitto, Salvatore"]
[Result "0-1"]
[WhiteElo "1533"]
[BlackElo "2045"]
[PlyCount "58"]
[EventDate "2002.07.05"]

1. e4 b6 2. d4 Bb7 3. Nc3 e6 4. Bd3 Nf6 5. a3 c5 6. dxc5 Bxc5 7. Nf3 Nc6 8. Bf4
a6 9. Qd2 b5 10. e5 Nh5 11. Ne4 Be7 12. Nd6+ Bxd6 13. exd6 Qb6 14. Be3 Qd8 15.
O-O f5 16. Rfe1 O-O 17. Qe2 Nf6 18. Bg5 Qe8 19. a4 b4 20. c3 Qg6 21. Bxf6 gxf6
22. Qd1 Ne5 23. Be2 Kh8 24. Kh1 Rg8 25. Rg1 Ng4 26. Qf1 Qh6 27. h3 Rg7 28. cxb4
Rag8 29. Ne1 Qxh3# 0-1

[Event "I Festival Steinitz A"]
[Site "Roma ITA"]
[Date "2002.07.05"]
[Round "1"]
[White "Soncini, Stefano"]
[Black "Chiaretti, Roberto"]
[Result "0-1"]
[WhiteElo "1569"]
[BlackElo "2199"]
[PlyCount "70"]
[EventDate "2002.07.05"]

1. e4 e5 2. Nf3 Nc6 3. Bc4 Nf6 4. Nc3 Nxe4 5. Nxe4 d5 6. Bxd5 Qxd5 7. d3 Be7 8.
h3 b6 9. Qe2 f6 10. Nc3 Qd7 11. Bd2 Bb7 12. O-O-O O-O-O 13. Kb1 Rhe8 14. Rhg1
Bf8 15. Qf1 Ne7 16. Be3 c5 17. Nd2 Nc6 18. Nb3 Re6 19. g4 Rde8 20. Ne4 Nd4 21.
h4 Rd8 22. h5 c4 23. Nxd4 exd4 24. Bc1 cxd3 25. cxd3 Bxe4 26. dxe4 Rxe4 27. f3
Re6 28. Bf4 d3 29. Rd2 Kb7 30. Qg2 Bb4 31. Rdd1 Re2 32. Qf1 Rde8 33. a3 Bxa3
34. Rc1 Rxb2+ 35. Ka1 Qd5 0-1

[Event "I Festival Steinitz A"]
[Site "Roma ITA"]
[Date "2002.07.05"]
[Round "1"]
[White "Tacchi, Fabio"]
[Black "Frontini, Yuri Diego"]
[Result "0-1"]
[WhiteElo "1771"]
[BlackElo "1500"]
[PlyCount "98"]
[EventDate "2002.07.05"]

1. d4 d5 2. c4 c6 3. Nf3 Nf6 4. e3 e6 5. Nbd2 Bd6 6. b3 O-O 7. Bb2 a5 8. Bd3
Nbd7 9. O-O Re8 10. Ne5 Qc7 11. f4 b6 12. g4 Bb7 13. g5 Ne4 14. Nxe4 dxe4 15.
Bxe4 f5 16. Bg2 Nxe5 17. fxe5 Be7 18. Qh5 g6 19. Qh6 Bf8 20. Qh4 Bg7 21. Rad1
Rad8 22. Ba3 c5 23. Bxb7 Qxb7 24. Qf4 Qc7 25. Kf2 Rd7 26. h4 Red8 27. Ke2 a4
28. Bb2 axb3 29. axb3 cxd4 30. exd4 Ra8 31. Ra1 Qc6 32. Rxa8+ Qxa8 33. Qf3 Qa2
34. Qc3 Qa8 35. Rf3 Qe4+ 36. Qe3 Qc2+ 37. Qd2 Qe4+ 38. Re3 Qxh4 39. d5 Qxg5 40.
d6 Bh6 41. Bd4 f4 42. Rf3 Qg2+ 43. Bf2 g5 44. Qa2 g4 45. Qa8+ Kg7 46. Qe8 Qxf3+
47. Ke1 Rf7 48. d7 Qc3+ 49. Ke2 f3+ 0-1

[Event "I Festival Steinitz A"]
[Site "Roma ITA"]
[Date "2002.07.05"]
[Round "1"]
[White "Taloni, Silvio"]
[Black "Palermo, Stefano"]
[Result "0-1"]
[WhiteElo "1543"]
[BlackElo "2066"]
[PlyCount "74"]
[EventDate "2002.07.05"]

1. d4 Nf6 2. Nf3 g6 3. Nbd2 Bg7 4. e4 d6 5. Bd3 O-O 6. O-O Nbd7 7. c3 e5 8.
dxe5 Nxe5 9. Nxe5 dxe5 10. Qc2 Qe7 11. b4 b6 12. a4 Bb7 13. Nb3 Rfd8 14. f3 Qe6
15. Be3 Rxd3 16. Qxd3 Qxb3 17. Rfb1 Qe6 18. a5 a6 19. axb6 cxb6 20. c4 Bf8 21.
b5 a5 22. Rd1 Be7 23. Qc3 Rc8 24. Rac1 Nd7 25. Kh1 Bc5 26. Bxc5 Nxc5 27. Rc2
Rc7 28. Rcd2 Nd7 29. Rc2 Nf8 30. h3 Rc5 31. Qd3 Qc8 32. Rdc1 Ne6 33. Qd6 Qc7
34. Qxc7 Rxc7 35. Rd2 Nd4 36. Rd3 Kf8 37. Kg1 Ne2+ 0-1

[Event "I Festival Steinitz A"]
[Site "Roma ITA"]
[Date "2002.07.05"]
[Round "1"]
[White "Togni, Giampiero"]
[Black "Vittimberga, Valeria"]
[Result "1-0"]
[WhiteElo "1689"]
[BlackElo "1482"]
[PlyCount "59"]
[EventDate "2002.07.05"]

1. d4 f5 2. c4 Nf6 3. Nc3 g6 4. Nf3 Bg7 5. g3 O-O 6. Bg2 d6 7. O-O c6 8. Ng5 e5
9. d5 h6 10. dxc6 Nxc6 11. Bd5+ Nxd5 12. Qxd5+ Kh8 13. Nf7+ Rxf7 14. Qxf7 Ne7
15. Rd1 b6 16. Nd5 Nxd5 17. Qxd5 Ba6 18. b3 e4 19. Rb1 Kh7 20. Ba3 Rb8 21. Qxd6
Qxd6 22. Rxd6 Rb7 23. Bb2 Bf8 24. Rd8 Rf7 25. Rbd1 Bg7 26. Bxg7 Kxg7 27. R8d7
b5 28. Rxf7+ Kxf7 29. Rd7+ Kf8 30. Rxa7 1-0

[Event "I Festival Steinitz A"]
[Site "Roma ITA"]
[Date "2002.07.05"]
[Round "1"]
[White "Tosoni, Augusto"]
[Black "Caprioli, Fabrizio"]
[Result "1-0"]
[WhiteElo "2174"]
[BlackElo "1566"]
[PlyCount "63"]
[EventDate "2002.07.05"]

1. e4 c6 2. d4 d5 3. Nc3 dxe4 4. Nxe4 Nd7 5. Nf3 Ngf6 6. Ng3 e6 7. Bd3 c5 8. c3
Be7 9. O-O O-O 10. Qe2 b6 11. Rd1 Qc7 12. Ne4 Nxe4 13. Qxe4 Nf6 14. Qxa8 Bb7
15. Qxa7 Ra8 16. Bf4 Qc6 17. Bb5 Rxa7 18. Bxc6 Bxc6 19. Ne5 Be8 20. Bg5 h6 21.
Bxf6 gxf6 22. Ng4 Kg7 23. Ne3 cxd4 24. Rxd4 Bc5 25. Rd8 Bc6 26. b4 Be7 27. Rd2
b5 28. Nc2 Bd5 29. Nd4 Bc4 30. Nc6 Rc7 31. Nxe7 Rxe7 32. a4 1-0

[Event "I Festival Steinitz A"]
[Site "Roma ITA"]
[Date "2002.07.05"]
[Round "1"]
[White "Turturici, Pellegrino"]
[Black "Rakotoson, Ratefy"]
[Result "0-1"]
[WhiteElo "1746"]
[BlackElo "1536"]
[PlyCount "86"]
[EventDate "2002.07.05"]

1. c4 Nf6 2. Nc3 g6 3. Nf3 d6 4. d4 Bg7 5. g3 c6 6. Bg2 Na6 7. O-O O-O 8. e4
Qc7 9. Rb1 Be6 10. Qe2 h6 11. Bd2 Qd7 12. e5 Nh7 13. Rbd1 Bg4 14. Rfe1 Rae8 15.
a3 Nc7 16. Qf1 Ne6 17. d5 Neg5 18. Nxg5 Nxg5 19. f3 Bf5 20. Rc1 Qc8 21. dxc6
bxc6 22. g4 Bd7 23. Bxg5 hxg5 24. exd6 exd6 25. Ne4 Be5 26. Qd3 Qb8 27. Nxg5
Qxb2 28. Rb1 Qd4+ 29. Qxd4 Bxd4+ 30. Kf1 Rxe1+ 31. Rxe1 Re8 32. Rd1 c5 33. h3
Re3 34. Ne4 Rxa3 35. Rxd4 cxd4 36. Nf6+ Kg7 37. Nxd7 d3 38. f4 Ra2 39. Bd5 Re2
40. c5 Re8 41. Bb3 d2 42. c6 Re1+ 43. Kf2 d1=Q 0-1

[Event "I Festival Steinitz A"]
[Site "Roma ITA"]
[Date "2002.07.05"]
[Round "1"]
[White "Yamson, Roberto"]
[Black "Tamburrini, Andrea"]
[Result "1-0"]
[WhiteElo "1623"]
[BlackElo "1377"]
[PlyCount "55"]
[EventDate "2002.07.05"]

1. d4 d5 2. c4 e5 3. Nf3 Nc6 4. Bg5 Be7 5. h4 Nf6 6. Nxe5 Be6 7. Nxc6 bxc6 8.
c5 O-O 9. e3 Qd7 10. Bd3 Bf5 11. Nc3 Rfe8 12. Kf1 h6 13. Bf4 Ne4 14. Nxe4 dxe4
15. Bc4 Rad8 16. Qb3 Bf6 17. Rd1 Be6 18. Qc2 Be7 19. a3 Bxc5 20. Bxe6 Qxe6 21.
Qxc5 Qg4 22. Rc1 Re6 23. h5 Rd5 24. Qc2 Rxh5 25. Rxh5 Qxh5 26. Kg1 Kh8 27. Qd1
Qf5 28. Rc5 1-0

[Event "I Festival Steinitz A"]
[Site "Roma ITA"]
[Date "2002.07.06"]
[Round "2"]
[White "Benocci, Umiliano"]
[Black "Bonafede, Emanuel"]
[Result "1-0"]
[WhiteElo "1492"]
[BlackElo "1582"]
[PlyCount "121"]
[EventDate "2002.07.05"]

1. d4 d5 2. c4 e6 3. Nf3 Nf6 4. a3 a5 5. Nc3 Be7 6. Bf4 c6 7. cxd5 exd5 8. h3
Bf5 9. e3 Nbd7 10. Bd3 Ne4 11. Rc1 Ndf6 12. O-O Nxc3 13. Rxc3 Ne4 14. Bxe4 Bxe4
15. Nd2 Bf5 16. Bg3 O-O 17. Qf3 Be6 18. Qf4 Rc8 19. Rfc1 Qd7 20. Nb3 b6 21. Nd2
b5 22. Nb3 b4 23. Nc5 Qd8 24. axb4 axb4 25. Rb3 Bxc5 26. Rxc5 Rb8 27. Qxb8 Qxb8
28. Bxb8 Rxb8 29. Rxc6 Bf5 30. f3 h6 31. Kf2 g5 32. Rc7 Kh8 33. g4 Bh7 34. Ke2
f5 35. Kd2 Kg8 36. Rd7 fxg4 37. hxg4 Bb1 38. Rc7 Ba2 39. Kc2 Bxb3+ 40. Kxb3 Re8
41. Kxb4 Rxe3 42. Rc3 Re7 43. Kc5 Rd7 44. Kc6 Rd8 45. Rc5 Rb8 46. Rb5 Rf8 47.
Rb3 Rd8 48. Re3 Rb8 49. b3 Rd8 50. b4 Rb8 51. b5 Kf7 52. b6 Rc8+ 53. Kd7 Rc4
54. b7 Rb4 55. Re7+ Kf6 56. Kd8 Rb6 57. Rc7 Re6 58. b8=Q Kg6 59. Re7 Rf6 60.
Qe5 Rf8+ 61. Kd7 1-0

[Event "I Festival Steinitz A"]
[Site "Roma ITA"]
[Date "2002.07.06"]
[Round "2"]
[White "Betori, Alessandro"]
[Black "Basile, Aldo"]
[Result "1-0"]
[WhiteElo "1500"]
[BlackElo "1289"]
[PlyCount "43"]
[EventDate "2002.07.05"]

1. e4 e5 2. Nf3 d6 3. d4 Qe7 4. Nc3 Bg4 5. Nd5 Qd7 6. dxe5 dxe5 7. Nxe5 Bxd1 8.
Nxd7 Kxd7 9. Kxd1 c6 10. Nc3 Bc5 11. f3 Ne7 12. Bc4 f6 13. Ke2 b5 14. Rd1+ Kc7
15. Bf4+ Kb6 16. Be6 Na6 17. a4 b4 18. a5+ Kb7 19. Rd7+ Nc7 20. Rxc7+ Kb8 21.
Rxe7+ Bd6 22. Bxd6# 1-0

[Event "I Festival Steinitz A"]
[Site "Roma ITA"]
[Date "2002.07.06"]
[Round "2"]
[White "Bonafede, Alvise"]
[Black "Giannoni, Massimo"]
[Result "0-1"]
[WhiteElo "1518"]
[BlackElo "1600"]
[PlyCount "140"]
[EventDate "2002.07.05"]

1. e4 c6 2. d4 d5 3. Nc3 dxe4 4. Nxe4 Bf5 5. Ng3 Bg6 6. Nf3 Nd7 7. Bc4 e6 8.
Bf4 Qa5+ 9. c3 Ngf6 10. Qe2 Nd5 11. Bd2 Be7 12. h4 h6 13. h5 Bh7 14. Nf1 N5f6
15. b4 Qf5 16. Ne3 Qf4 17. Nd5 Qb8 18. Nf4 Qd6 19. Bd3 Bxd3 20. Nxd3 O-O 21.
Bf4 Qd5 22. Nde5 Qe4 23. Nxd7 Qxe2+ 24. Kxe2 Nxd7 25. Ne5 Rad8 26. g4 Bf6 27.
Nc4 e5 28. Bxe5 Nxe5 29. dxe5 Bxe5 30. Rh3 Bf4 31. Rf3 Bg5 32. a4 Rfe8+ 33. Ne3
Bf6 34. Rc1 Rd7 35. Kf1 Red8 36. Nc4 b6 37. Ke2 Bg5 38. Rc2 b5 39. axb5 cxb5
40. Na5 Re8+ 41. Kf1 Rd1+ 42. Kg2 g6 43. hxg6 fxg6 44. c4 Ree1 45. Rb3 bxc4 46.
Nxc4 Rc1 47. Rxc1 Rxc1 48. Ne5 Kg7 49. Nf3 Be7 50. Nd4 Rc4 51. Nb5 Rxg4+ 52.
Kf3 Rxb4 53. Rxb4 Bxb4 54. Nxa7 Kf6 55. Nc6 Bc5 56. Na5 h5 57. Nc4 g5 58. Nd2
Kf5 59. Kg3 Bd6+ 60. Kg2 g4 61. Nc4 Bf4 62. Nb2 Ke4 63. Nc4 h4 64. Nb6 h3+ 65.
Kh1 Kf3 66. Nd5 Bd6 67. Nf6 Bc5 68. Kg1 Bxf2+ 69. Kh2 g3+ 70. Kxh3 g2 0-1

[Event "I Festival Steinitz A"]
[Site "Roma ITA"]
[Date "2002.07.06"]
[Round "2"]
[White "Braschi, Giancarlo"]
[Black "Lombardi, Raffaele"]
[Result "1-0"]
[WhiteElo "2124"]
[BlackElo "1476"]
[PlyCount "65"]
[EventDate "2002.07.05"]

1. d4 d5 2. c4 e6 3. Nc3 Nf6 4. cxd5 exd5 5. Bg5 Be7 6. e3 c6 7. Bd3 Be6 8. Qc2
Nbd7 9. Nge2 h6 10. Bh4 g5 11. Bg3 Nh5 12. O-O-O Nxg3 13. Nxg3 Nb6 14. Rhe1 Bf6
15. e4 Bxd4 16. exd5 cxd5 17. Bb5+ Kf8 18. Rxd4 Rc8 19. Kb1 Qf6 20. Qd2 a6 21.
Bf1 Nc4 22. Bxc4 Rxc4 23. Rd3 h5 24. Nxd5 Qg6 25. Ka1 h4 26. Ne2 Bf5 27. Rc3
Qc6 28. Rec1 Rxc3 29. Rxc3 Qa4 30. Ne3 Be6 31. Qd8+ Kg7 32. Qxg5+ Kh7 33. b3
1-0

[Event "I Festival Steinitz A"]
[Site "Roma ITA"]
[Date "2002.07.06"]
[Round "2"]
[White "Caiazzo, Diego"]
[Black "Passerotti, Pierluigi"]
[Result "0-1"]
[WhiteElo "1605"]
[BlackElo "2284"]
[PlyCount "46"]
[EventDate "2002.07.05"]

1. c4 f5 2. Nc3 Nf6 3. Nf3 g6 4. g3 Bg7 5. Bg2 d6 6. d4 O-O 7. O-O Qe8 8. Qc2
e5 9. dxe5 dxe5 10. e4 Nc6 11. Be3 f4 12. Bc5 Rf7 13. Rad1 b6 14. Ba3 fxg3 15.
hxg3 Bg4 16. Rd3 Bxf3 17. Bxf3 Nd4 18. Qd1 Rd8 19. Bg2 Qe6 20. b3 Rfd7 21. Kh1
Ng4 22. Nd5 g5 23. Bf3 Qh6+ 0-1